| 000 | 00425nam a2200181Ia 4500 | ||
|---|---|---|---|
| 001 | 15022 | ||
| 005 | 20260306164957.0 | ||
| 008 | 260306t2015||||xx |||||||||||||| ||spa|| | ||
| 041 | _aESP | ||
| 082 |
_a523.1 _bS15 |
||
| 100 |
_aSagan, Carl _eAUT |
||
| 245 | 0 | _aVida inteligente en el universo | |
| 260 | _c2015 | ||
| 300 |
_axvi, 559 páginas : _c21 cm. |
||
| 650 | _aGEN | ||
| 654 | _aCHU | ||
| 942 |
_cLIB _dJUS _fJUS _2ddc _n |
||
| 999 |
_c15022 _d15022 |
||